| 000 | 00771nam a2200301Ia 4500 | ||
|---|---|---|---|
| 008 | 170203s9999 xx 000 0 und d | ||
| 020 | _a0-439762405 | ||
| 050 | _aFic | ||
| 050 | _bC255a | ||
| 100 | _aCapucilli, Alyssa Satin. | ||
| 245 | _aBiscuit wins a prize / | ||
| 245 | _cstory by Alyssa Satin Capucilli ; pictures by Pat Schories. | ||
| 260 | _aNew York : | ||
| 260 | _bScholastic, | ||
| 260 | _c2005 | ||
| 300 | _a24 pages : | ||
| 300 | _bcolor illustrations ; | ||
| 300 | _c22 cm. | ||
| 440 | _aI can read book. | ||
| 650 | _aBiscuit (Fictitious character) -- | ||
| 650 | _aDogs -- | ||
| 650 | _aPet shows -- | ||
| 650 | _aPuppies -- | ||
| 650 | _xFiction. | ||
| 650 | _xFiction. | ||
| 650 | _xFiction. | ||
| 650 | _xFiction. | ||
| 999 |
_c306582 _d306582 |
||